000 00836nab a2200253 u 4500
001 10946
003 HDC
007 cr bn ---aaaaa
008 210206c mydr|nes 0 a may d
040 _aHDC
100 _aBadrul Hafizan Mat Isa
_eauthor
_98816
245 0 _aLebih sejuta kunjungi MAHA /
_cby Badrul Hafizan Mat Isa
260 _aKuala Lumpur :
_bUtusan Malaysia,
_c2012
336 _atext
_2rdacontent
337 _acomputer
_2rdamedia
338 _aonline resource
_2rdacarrier
650 _aAgriculture
_91238
650 _aEntrepreneur expo
_911181
710 _aUtusan Malaysia
856 _zRequest full-text at [email protected]
942 _2lcc
942 _cNEWS
942 _kNWSC 0000397
999 _c8269
_d8269